000
00298nam a2200121Ia 4500
008
190216s9999||||xx |||||||||||||| ||und||
100
_a
Gupta S L And Kumar V
245
0
_a
Electricity And Electronics
260
_b
Pragathi Prakashan
_c
1981
300
_a
175p
650
_a
Physics
942
_c
BK
999
_c
33212
_d
33212